| 000 | 01229nam a22002537a 4500 | ||
|---|---|---|---|
| 005 | 20110628104557.0 | ||
| 010 | _aENG-102805 B-463678-679 | ||
| 020 |
_a8181820428 _c795.00 |
||
| 035 | _aEN-86338 B-463678-679 | ||
| 037 | _bDBAD/PUB | ||
| 037 | _bRBC/Ven | ||
| 082 | _a930 | ||
| 100 |
_aMishra, Ratanlal _951983 |
||
| 245 |
_aFortified cities in ancient India / _cby Ratanlal Mishra |
||
| 260 |
_aJaipur _bLiterary Circle _c2008 |
||
| 270 |
_ac-12/13,First Floor,Opp.Khandelwal Girls Colleage,Sansar Chandra Road _bJaipur _e302001 |
||
| 300 |
_a123p. : _b24cm (Hb) _cill.,map |
||
| 500 | _aIncludes bibliographical references | ||
| 942 |
_2ddc _cEN _mMIS _h930 |
||
| 999 |
_c53327 _d53327 |
||